Statistics for Actresses Names Beginning With A

Click here to take the quiz!

General Stats

  • This quiz has been taken 63 times
  • The average score is 6 of 15

Answer Stats

HintAnswer% Correct
Starred in Lara Croft, Mr. and Mrs. Smith and MaleficentAngelina Jolie
89%
Starred in The Princess Diaries, Les Miserables and InterstellarAnne Hathaway
81%
Starred in Catch Me If You Can, Enchanted and ArrivalAmy Adams
64%
Starred in Twilight, Pitch Perfect and Mr. RightAnna Kendrick
58%
Starred in Groundhog Day, Four Weddings and a Funeral and MultiplicityAndie MacDowell
55%
Starred in Dear John, Mamma Mia and Red Riding HoodAmanda Seyfried
47%
Starred in The Witches, The Addams Family and The GriftersAnjelica Huston
45%
Starred in Scary Movie, The House Bunny and I Give It A YearAnna Faris
43%
Starred in The Breakfast Club, St. Elmo's Fire and Bad BoysAlly Sheedy
38%
Starred in American Pie, Date Movie and Love, Wedding, MarriageAlyson Hannigan
21%
Starred in Percy Jackson, San Andreas and BaywatchAlexandra Daddario
13%
Starred in The Decoy Bride, Star Trek Into Darkness and CriminalAlice Eve
11%
Starred in Zombieland, Drive Angry and Magic Mike XXLAmber Heard
11%
Starred in The Mirror Crack'd, Nanny McPhee and Mr. Popper's PenguinsAngela Lansbury
9%
Starred in Bright Star, Limitless and Seven PsychopathsAbbie Cornish
8%

Score Distribution

Percentile by Number Answered

Percent of People with Each Score

Your Score History

You have not taken this quiz